| 000 | 00627npc a2200205Ia 4500 | ||
|---|---|---|---|
| 001 | dg97-42067 | ||
| 003 | IT-MiCISF | ||
| 008 | 161014s9999||||xx | und|| | ||
| 040 |
_aIT-MiCISF _cIT-MiCISF |
||
| 041 | _ait | ||
| 100 | _aAA.VV. | ||
| 245 | 0 |
_aLa situazione giuridica delle coppie omosessuali nel diritto svizzero _bProblemi e proposte di soluzione |
|
| 250 | _a1a ed. | ||
| 260 |
_aSvizzera _bConfederazione Elvetica _c1999 |
||
| 300 | _app. 66 | ||
| 500 | _aUfficio Federale di Giustizia / omosessualità, coppia, diritto, società / | ||
| 650 | _asocietà | ||
| 942 | _cDD | ||
| 957 | _71 | ||
| 999 |
_a42067 _bsi _g1 _c207007 _d207007 |
||